| 000 | 00846nam a2200217 i 4500 | ||
|---|---|---|---|
| 001 | 50814 | ||
| 003 | ES-MaACL | ||
| 005 | 20251120142244.0 | ||
| 007 | t| | ||
| 008 | 030806s1921 sp ||||1| spa d | ||
| 100 | 1 |
_aChamizo, Luis, _d1894-1945 _937879 |
|
| 245 | 1 | 3 |
_aEl miajón de los castúos _b: (rapsodias extremeñas) / _cLuis Chamizo ; prólogo de J. Ortega Munilla. |
| 260 |
_aMadrid : _b[.n.], _c1921 ( _fImp. de Juan Pueyo) |
||
| 300 |
_a184 p. ; _c19 cm. |
||
| 530 | _aDisponible en formato digital. | ||
| 700 | 1 |
_aOrtega Munilla, José, _d1856-1922 _987477 |
|
| 852 |
_aES-MaACL _jF-9482 _cSPP2 _zRevisado enlace: 16 de julio de 2025 |
||
| 856 | 4 |
_uhttp://ciconia.gobex.es/biblioteca/es/consulta/registro.cmd?id=5753 _yBiblioteca Digital del Patrimonio Cultural de Extremadura |
|
| 942 | _2udc | ||
| 999 |
_c50814 _d50814 |
||